000 01454nab a2200181 a 4500
005 20250115092933.0
007 ta
008 241018e2022 dr |||||r||||||0| |0spa d
040 _aDO-SdBNP
_cBNPHU
_erda
041 _hspa
100 1 _aStanley, Avelino,
_d1959-
_91536
245 _aNadal Walcot :
_bse desgarró el alma y la plasmó en sus lienzos /
_cAvelino Stanley.
260 _aSanto Domingo, República Dominicana :
_bCentro Cultural BanReservas,
_c2022.
300 _apágina 35.
520 _aNada marca al ser humano más que su cultura. Ese sentimiento es la luz que les permite a las personas mostrar la esencia de su ser. Fue la cultura la que logró sacar de sus adentros el mundo de formas y de colores que Nadal Walcot plasmó con sus trazos en cada lienzo. Nadie como Nadal Walcot ha logrado hacer que corra como agua en cauce de río las vicisitudes de los hombres y mujeres de los cañaverales dominicanos. Fue él quien colocó el sufrimiento estibado en infinitos vagones encadenados que luego eran remolcados en unas locomotoras desgaritadas sobre rieles relucientes lanzado un humo tan contaminante hacia las alturas que molestaba la respiración hasta del mismo Dios.
773 0 _dSanto Domingo, República Dominicana : Centro Cultural BanReservas, 2022.
_aStanley, Avelino
_tNadal Walcot : se desgarró el alma y la plasmó en sus lienzos.
942 _2ddc
_cISSUE
_hEdición 1. Enero 2022
999 _c57911
_d57911